KOHA-Header-6

Commercial Correspondence For Students of English As A Second Language (Record no. 6066)

000 -LEADER
fixed length control field 00315nam a2200109Ia 4500
008 - FIXED-LENGTH DATA ELEMENTS--GENERAL INFORMATION
fixed length control field 190906s9999||||xx |||||||||||||| ||und||
100 ## - MAIN ENTRY--PERSONAL NAME
Personal name Joseph Tinervia
245 #0 - TITLE STATEMENT
Title Commercial Correspondence For Students of English As A Second Language
260 ## - PUBLICATION, DISTRIBUTION, ETC. (IMPRINT)
Place of publication, distribution, etc New Delhi
Name of publisher, distributor, etc Bantam Books Inc
Date of publication, distribution, etc 1986
300 ## - PHYSICAL DESCRIPTION
Extent 198
942 ## - ADDED ENTRY ELEMENTS (KOHA)
Koha item type Books
Holdings
Withdrawn status Lost status Source of classification or shelving scheme Damaged status Not for loan Collection code Permanent Location Current Location Shelving location Date acquired Full call number Barcode Date last seen Price effective from Koha item type
          English Literature MAJU MAJU Shelf No.A14 2019-09-06 5.133 4720 2019-09-06 2019-09-06 English Literature

Powered by Koha